[Event "Saint Quentin 2005"]
[Site "Elancourt"]
[Date "2005.04.30"]
[Round "9.5"]
[White "Plantet, Marc"]
[Black "Legrix, Jean-Marie"]
[Result "1-0"]
[WhiteElo "2036"]
[BlackElo "1976"]
[PlyCount "45"]
[EventDate "2005.04.??"]

1. e4 c5 2. Nf3 d6 3. d4 cxd4 4. Nxd4 Nf6 5. Nc3 a6 6. Bg5 e6 7. f4 Be7 8. Qf3
Qc7 9. O-O-O Nbd7 10. Bd3 b5 11. Rhe1 Bb7 12. Nd5 Nxd5 13. exd5 Ne5 14. Nxe6
fxe6 15. Qh5+ g6 16. Bxg6+ Nxg6 17. Bxe7 Kxe7 18. f5 Ne5 19. Qh6 Bxd5 20. Qg7+
Nf7 21. Rxd5 Raf8 22. fxe6 Rhg8 23. exf7+ 1-0

[Event "Saint Quentin 2005"]
[Site "Elancourt"]
[Date "2005.04.30"]
[Round "9.6"]
[White "Hadet, Emmanuel"]
[Black "Le Ray, Olivier"]
[Result "1-0"]
[WhiteElo "2030"]
[BlackElo "1982"]
[PlyCount "43"]
[EventDate "2005.04.??"]

1. d4 d6 2. e4 Nf6 3. Nc3 g6 4. Be3 c6 5. Qd2 b5 6. Bd3 h5 7. h3 a6 8. e5 dxe5
9. dxe5 Nd5 10. Nxd5 Qxd5 11. Nf3 Bg7 12. Rd1 Be6 13. Qc3 Qxa2 14. O-O Qd5 15.
Bxg6 Qc4 16. Qd2 Bd7 17. Bf5 Qd5 18. Qa5 Bxf5 19. Rxd5 cxd5 20. Qc7 Nd7 21. Bd4
Bh7 22. Qc6 1-0

[Event "Saint Quentin 2005"]
[Site "Elancourt"]
[Date "2005.04.30"]
[Round "9.7"]
[White "Benier, Adrien"]
[Black "Hedjazian, Navid"]
[Result "1-0"]
[WhiteElo "1970"]
[BlackElo "1954"]
[PlyCount "141"]
[EventDate "2005.04.??"]

1. e4 d6 2. Nf3 Nf6 3. Nc3 g6 4. Be2 Bg7 5. d3 e5 6. Bg5 h6 7. Bd2 Nbd7 8. Qc1
c6 9. O-O Nc5 10. Be3 Ne6 11. d4 Ng4 12. dxe5 Nxe3 13. Qxe3 dxe5 14. Rad1 Qc7
15. Bc4 Nd4 16. Ne2 Bg4 17. Nexd4 exd4 18. Qb3 b5 19. Be2 Be6 20. Qb4 Qb6 21.
Nxd4 O-O-O 22. Nxe6 fxe6 23. Qe7 Bd4 24. Qxe6+ Kb7 25. c3 Bg7 26. Rxd8 Rxd8 27.
Qxg6 Be5 28. Qf7+ Ka8 29. Rd1 Rxd1+ 30. Bxd1 Qd8 31. Qf3 b4 32. cxb4 Qd6 33. g3
Qxb4 34. b3 h5 35. Qxh5 Qxe4 36. Bf3 Qe1+ 37. Kg2 Qc3 38. Qe8+ Kb7 39. Bg4 Bc7
40. Bc8+ Kb6 41. Qe3+ Qxe3 42. fxe3 Kc5 43. h4 Kd6 44. g4 Ke7 45. Kf3 Kf6 46.
Ke4 Bg3 47. h5 Kg5 48. Bf5 Bd6 49. Kd4 Bf8 50. e4 Kf4 51. Be6 Bg7+ 52. Kc5 Kxe4
53. Kxc6 Bh6 54. b4 Ke5 55. Bf5 Be3 56. a4 Bd2 57. b5 Ba5 58. Kb7 Bb6 59. a5
Be3 60. b6 axb6 61. axb6 Kd6 62. Ka6 Kc6 63. Be4+ Kd7 64. b7 Kc7 65. Kb5 Bf4
66. Kc5 Kd7 67. g5 Ke7 68. h6 Kf7 69. Kc6 Ke7 70. h7 Be5 71. h8=Q 1-0

[Event "Saint Quentin 2005"]
[Site "Elancourt"]
[Date "2005.04.30"]
[Round "9.8"]
[White "Mahe, Romain"]
[Black "Criton, Roland"]
[Result "0-1"]
[WhiteElo "1970"]
[BlackElo "2018"]
[PlyCount "108"]
[EventDate "2005.04.??"]

1. e4 c6 2. Nf3 d5 3. Nc3 dxe4 4. Nxe4 Nf6 5. Qe2 Bg4 6. c3 e6 7. d4 Nbd7 8.
Bf4 Nxe4 9. Qxe4 Nf6 10. Qd3 Qb6 11. b3 Bf5 12. Qd2 Ne4 13. Qe3 Nxc3 14. Bc4
Nd5 15. Bxd5 Qa5+ 16. Nd2 Qxd5 17. O-O Be7 18. Nf3 O-O 19. a3 Rad8 20. b4 Be4
21. Rad1 Bxf3 22. gxf3 Bd6 23. Be5 Bxe5 24. dxe5 Qxd1 25. Rxd1 Rxd1+ 26. Kg2 a6
27. Qb6 Rd7 28. Kg3 h6 29. a4 f6 30. Kf4 fxe5+ 31. Kxe5 Rxf3 32. Kxe6 Rdf7 33.
a5 Rxf2 34. Qd8+ Rf8 35. Qc7 R2f7 36. Qb6 Rf6+ 37. Ke5 R8f7 38. Kd4 Rf4+ 39.
Ke5 R4f5+ 40. Kd4 Rb5 41. Qd8+ Rf8 42. Qe7 Rf4+ 43. Kc3 Rbxb4 44. Qxb4 Rxb4 45.
Kxb4 g5 46. Kc5 g4 47. Kb6 c5 48. Kxc5 h5 49. Kb6 h4 50. Kxb7 g3 51. hxg3 h3
52. Kxa6 h2 53. Kb6 h1=Q 54. g4 Qa8 0-1

[Event "Saint Quentin 2005"]
[Site "Elancourt"]
[Date "2005.04.30"]
[Round "9.9"]
[White "Duval, Sylvain"]
[Black "Le Scraigne, Eric"]
[Result "1/2-1/2"]
[WhiteElo "2006"]
[BlackElo "1740"]
[PlyCount "75"]
[EventDate "2005.04.??"]

1. e4 e6 2. d4 d5 3. exd5 exd5 4. c4 c6 5. Nc3 Nf6 6. Bg5 Be7 7. Nf3 h6 8. Bh4
O-O 9. Bd3 Be6 10. c5 b6 11. b4 a5 12. a3 Bg4 13. O-O Nbd7 14. h3 Bh5 15. Bg3
axb4 16. axb4 Rxa1 17. Qxa1 Bxf3 18. gxf3 bxc5 19. bxc5 Nh5 20. Re1 Nxg3 21.
fxg3 Bf6 22. Qa4 Qc7 23. Kg2 Nxc5 24. dxc5 Bxc3 25. Re2 Qd7 26. Qf4 Re8 27.
Rxe8+ Qxe8 28. h4 Qe5 29. Qxe5 Bxe5 30. Ba6 Bd4 31. Bb7 Bxc5 32. Bxc6 d4 33.
Be4 Kf8 34. h5 Ke7 35. g4 Kd6 36. Kf1 Ke5 37. Ke2 Bb4 38. Kd3 1/2-1/2

[Event "Saint Quentin 2005"]
[Site "Elancourt"]
[Date "2005.04.30"]
[Round "9.10"]
[White "Aouizerate, Robert"]
[Black "Bilquez, Romain"]
[Result "1-0"]
[WhiteElo "1989"]
[BlackElo "2001"]
[PlyCount "91"]
[EventDate "2005.04.??"]

1. e4 e6 2. d3 d5 3. Nd2 c5 4. Ngf3 Nc6 5. g3 b6 6. Bg2 Bb7 7. O-O Nf6 8. Re1
Be7 9. e5 Nd7 10. Nf1 Qc7 11. Bf4 O-O-O 12. h4 h6 13. c3 Rdg8 14. d4 g5 15.
hxg5 hxg5 16. Bc1 Kb8 17. g4 Nf8 18. Ng3 Ng6 19. Bxg5 Bxg5 20. Nxg5 Nf4 21. Qd2
Nxg2 22. Kxg2 Qe7 23. f4 Rh4 24. Rh1 Rxg4 25. Rh5 f6 26. exf6 Qxf6 27. Rf1 cxd4
28. Kh3 dxc3 29. bxc3 Ne5 30. Qd4 R8xg5 31. fxg5 Qg7 32. Qe3 Bc8 33. Rf6 Nc4
34. Qc1 e5 35. Nf5 Bxf5 36. Rxf5 Re4 37. Qf1 Qd7 38. Kh2 Nd2 39. Rf8+ Kb7 40.
g6 Qg4 41. Rh7+ Kc6 42. g7 Re2+ 43. Qf2 Qf4+ 44. Kh3 Qe3+ 45. Qf3 Rh2+ 46. Kxh2
1-0

[Event "Saint Quentin 2005"]
[Site "Elancourt"]
[Date "2005.04.30"]
[Round "9.11"]
[White "Fischer, Jean-Claude"]
[Black "Appavou, Calixte"]
[Result "1/2-1/2"]
[WhiteElo "1920"]
[BlackElo "1960"]
[PlyCount "72"]
[EventDate "2005.04.??"]

1. e4 c6 2. d4 d5 3. exd5 cxd5 4. Bd3 Nf6 5. Nf3 Bg4 6. h3 Bxf3 7. Qxf3 e6 8.
O-O Nc6 9. c3 Be7 10. Nd2 O-O 11. Re1 Bd6 12. Nf1 Rc8 13. Bg5 Be7 14. Bf4 Nd7
15. Ng3 Re8 16. Re2 Nf8 17. Rae1 Ng6 18. Bxg6 hxg6 19. Nf1 Bf6 20. Ne3 Rf8 21.
Ng4 b5 22. Nxf6+ Qxf6 23. Qg3 b4 24. Bg5 Qf5 25. Qh4 bxc3 26. bxc3 Qd3 27. Re3
Qc4 28. a3 Rb8 29. Be7 Rfe8 30. Bc5 Rb2 31. Rc1 Reb8 32. Qg3 Rb1 33. Rxb1 Rxb1+
34. Kh2 Qf1 35. Qf4 Qa6 36. Qh4 Qc8 1/2-1/2

[Event "Saint Quentin 2005"]
[Site "Elancourt"]
[Date "2005.04.30"]
[Round "9.12"]
[White "Dominguez, Alain"]
[Black "Boussaha, Bilal"]
[Result "0-1"]
[WhiteElo "1920"]
[BlackElo "1877"]
[PlyCount "90"]
[EventDate "2005.04.??"]

1. c4 e6 2. Nf3 d5 3. e3 Nf6 4. d4 Be7 5. Nc3 O-O 6. cxd5 exd5 7. Be2 c6 8. O-O
Bf5 9. a3 Nbd7 10. b4 a6 11. Bb2 Re8 12. Rc1 Bd6 13. Re1 Ne4 14. Nxe4 Bxe4 15.
Bf1 Nf6 16. Nd2 Bg6 17. g3 Qe7 18. f3 Nh5 19. Bg2 Nxg3 20. hxg3 Bxg3 21. Qb3
Bxe1 22. Rxe1 Qg5 23. Nf1 Re6 24. Bc1 Rae8 25. e4 Qh4 26. Qc3 dxe4 27. f4 f5
28. Be3 Bh5 29. Rc1 Rg6 30. Rc2 Bf3 31. Qb3+ Kh8 32. Qa2 Rf8 33. a4 h6 34. d5
cxd5 35. Qxd5 Kh7 36. Qe5 Qh3 37. Qb2 Rff6 38. Bd4 Re6 39. Ne3 Rg3 40. Rc7 Reg6
41. Rxg7+ Rxg7 42. Bxg7 Bxg2 43. Nxg2 Qxg2+ 44. Qxg2 Rxg2+ 45. Kxg2 Kxg7 0-1

[Event "Saint Quentin 2005"]
[Site "Elancourt"]
[Date "2005.04.30"]
[Round "9.13"]
[White "Labarthe, Arnaud"]
[Black "Ferriere, Patrick"]
[Result "1-0"]
[WhiteElo "2034"]
[BlackElo "1720"]
[PlyCount "49"]
[EventDate "2005.04.??"]

1. d4 f5 2. Qd3 e6 3. e4 fxe4 4. Qxe4 Nf6 5. Qh4 Be7 6. Bd3 Kf7 7. Nf3 d6 8.
Nc3 h6 9. Be3 g5 10. Qg3 Nh5 11. Qh3 Nf6 12. g4 Na6 13. O-O-O Nb4 14. Bc4 c6
15. Nd2 b5 16. Be2 Nbd5 17. Nxd5 Nxd5 18. Qh5+ Kf8 19. h4 Nf4 20. Bxf4 gxf4 21.
Ne4 Kg7 22. Rdg1 Bb7 23. g5 Qe8 24. gxh6+ Kh7 25. Rg7# 1-0

[Event "Saint Quentin 2005"]
[Site "Elancourt"]
[Date "2005.04.30"]
[Round "9.14"]
[White "Oger, Claude"]
[Black "Habunek, Patrick"]
[Result "1-0"]
[WhiteElo "2008"]
[BlackElo "1700"]
[PlyCount "55"]
[EventDate "2005.04.??"]

1. e4 c5 2. Nf3 d6 3. d4 cxd4 4. Nxd4 Nf6 5. Nc3 a6 6. Bc4 e6 7. Bb3 Nc6 8. O-O
Be7 9. Kh1 Bd7 10. Be3 Nxd4 11. Bxd4 Bc6 12. f3 O-O 13. Qd2 Qa5 14. Qf2 Qh5 15.
Ne2 Rac8 16. Nf4 Qb5 17. a4 Qb4 18. Bc3 Qc5 19. Qg3 Bd7 20. Rad1 e5 21. Nd5
Nxd5 22. Rxd5 Qc6 23. f4 Be6 24. fxe5 dxe5 25. Rxe5 Bd6 26. h4 Bxb3 27. Qxg7+
Kxg7 28. Rg5+ 1-0

[Event "Saint Quentin 2005"]
[Site "Elancourt"]
[Date "2005.04.30"]
[Round "9.15"]
[White "Brunel, Eric"]
[Black "Baron, Romuald"]
[Result "1-0"]
[WhiteElo "1920"]
[BlackElo "1973"]
[PlyCount "121"]
[EventDate "2005.04.??"]

1. e4 c6 2. d4 d5 3. Nc3 dxe4 4. Nxe4 Bf5 5. Ng3 Bg6 6. h4 h6 7. Nf3 Nd7 8. h5
Bh7 9. Bd3 Bxd3 10. Qxd3 Ngf6 11. Bd2 e6 12. Bc3 Bd6 13. Ne5 Qc7 14. Nxd7 Qxd7
15. O-O-O Nd5 16. Bd2 O-O-O 17. Ne4 Bb4 18. Bxb4 Nxb4 19. Qa3 Qd5 20. Nc5 Qc4
21. c3 Na6 22. Qb3 Qxb3 23. axb3 Nxc5 24. dxc5 Rxd1+ 25. Rxd1 Rd8 26. Rxd8+
Kxd8 27. Kd2 Ke7 28. b4 a6 29. c4 g6 30. hxg6 fxg6 31. Kc3 Kd7 32. Kd4 h5 33.
Ke5 Ke7 34. f4 h4 35. b3 Kf7 36. Kd6 Kf6 37. b5 g5 38. bxc6 bxc6 39. Kxc6 gxf4
40. Kb6 f3 41. gxf3 h3 42. c6 h2 43. c7 h1=Q 44. c8=Q Qd1 45. Qf8+ Kg6 46. c5
Qxb3+ 47. Kxa6 Qc2 48. Kb6 Qb3+ 49. Kc7 Qa3 50. Qe8+ Kf6 51. Qf8+ Kg6 52. Kd7
Qa2 53. c6 Qa7+ 54. Kxe6 Qa2+ 55. Kd7 Qa7+ 56. c7 Qa4+ 57. Kd8 Qd4+ 58. Kc8 Qf4
59. Qe8+ Kh6 60. Qe4 Qd6 61. Kb7 1-0

[Event "Saint Quentin 2005"]
[Site "Elancourt"]
[Date "2005.04.30"]
[Round "9.16"]
[White "Fayolle, Guy"]
[Black "Branson, James"]
[Result "1-0"]
[WhiteElo "1958"]
[BlackElo "1499"]
[PlyCount "47"]
[EventDate "2005.04.??"]

1. e4 e5 2. Nf3 Nc6 3. Bc4 Be7 4. c3 Nf6 5. Qe2 O-O 6. O-O d6 7. d4 exd4 8.
cxd4 d5 9. exd5 Nxd5 10. Nc3 Nf6 11. d5 Nb8 12. Bg5 Re8 13. Rfe1 Bd7 14. Ne5
Bd6 15. f4 c6 16. dxc6 Bxc6 17. Bxf7+ Kf8 18. Bxe8 Bxe8 19. Rad1 Qb6+ 20. Kh1
Bh5 21. Qc4 Bxe5 22. fxe5 Bxd1 23. exf6 gxf6 24. Bh6# 1-0

[Event "Saint Quentin 2005"]
[Site "Elancourt"]
[Date "2005.04.30"]
[Round "9.17"]
[White "Francois, Jean"]
[Black "Miolane, Leo"]
[Result "1-0"]
[WhiteElo "1900"]
[BlackElo "1550"]
[PlyCount "81"]
[EventDate "2005.04.??"]

1. e4 e5 2. c4 Nf6 3. d3 Bc5 4. h3 c6 5. Nc3 d5 6. cxd5 cxd5 7. exd5 Nxd5 8.
Nf3 Nc6 9. Be2 O-O 10. O-O Re8 11. Bg5 Qd6 12. Ne4 Qc7 13. Nxc5 h6 14. Bd2 Qe7
15. Rc1 Qf6 16. Ne4 Qg6 17. Nh4 Qh7 18. Nd6 Re6 19. Nxc8 Rxc8 20. Bg4 Rf8 21.
Bxe6 fxe6 22. Be3 g5 23. Nf3 e4 24. dxe4 Qxe4 25. Bc5 Rd8 26. Qb3 Rd7 27. Rfe1
Qf4 28. Rc4 Qf6 29. Qa3 Nf4 30. Rc3 Qf5 31. Bd6 Nd5 32. Rc4 Rf7 33. Rce4 h5 34.
Bg3 g4 35. hxg4 hxg4 36. Nh4 Qg5 37. Rxe6 Nf4 38. Qe3 Nxe6 39. Qxe6 Ne7 40. Rd1
Qg7 41. Be5 1-0

[Event "Saint Quentin 2005"]
[Site "Elancourt"]
[Date "2005.04.30"]
[Round "9.18"]
[White "Benhamouda, Fabrice"]
[Black "Collette, Gilles"]
[Result "1/2-1/2"]
[WhiteElo "1520"]
[BlackElo "1790"]
[PlyCount "47"]
[EventDate "2005.04.??"]

1. e4 e6 2. d4 d5 3. Nc3 Nf6 4. e5 Nfd7 5. f4 b6 6. Nf3 c5 7. Be3 Be7 8. Qd2
Ba6 9. Bxa6 Nxa6 10. O-O Nc7 11. Ne2 Qc8 12. c3 Qb7 13. b3 c4 14. b4 a6 15. a4
h6 16. g3 O-O-O 17. Kf2 Rhg8 18. Rg1 Nf8 19. h4 Ne8 20. Qc2 Qd7 21. Ke1 Nh7 22.
Kd2 Nf8 23. Raf1 g6 24. g4 1/2-1/2

[Event "Saint Quentin 2005"]
[Site "Elancourt"]
[Date "2005.04.30"]
[Round "9.19"]
[White "Szwedkowski, Sylvain"]
[Black "O Neill, Liam"]
[Result "1-0"]
[WhiteElo "1790"]
[BlackElo "1360"]
[PlyCount "77"]
[EventDate "2005.04.??"]

1. d4 Nf6 2. c4 g6 3. Nc3 Bg7 4. e4 d6 5. Nf3 Nbd7 6. Be2 e5 7. d5 O-O 8. O-O
a5 9. Qc2 Nc5 10. Bg5 Bg4 11. h3 Bd7 12. Nd2 Qc8 13. Kh2 b6 14. a3 a4 15. Nb5
Ne8 16. Be7 f5 17. Bxf8 Bxf8 18. f3 f4 19. b4 Nb7 20. Nc3 Qd8 21. Rh1 Nf6 22.
Bd3 Nh5 23. Nf1 Qg5 24. Nb5 Ng3 25. Nxg3 fxg3+ 26. Kg1 c5 27. dxc6 Bxc6 28. Qc1
Qxc1+ 29. Rxc1 Bxb5 30. cxb5 Nd8 31. Bc4+ Kh8 32. Bd5 Ra7 33. Kf1 Kg7 34. Ke2
Nf7 35. Rc8 Rd7 36. Rhc1 Rd8 37. R8c7 Kh8 38. Rxf7 Re8 39. Rcc7 1-0

[Event "Saint Quentin 2005"]
[Site "Elancourt"]
[Date "2005.04.30"]
[Round "9.20"]
[White "Rodriguez, Jean-Pierre"]
[Black "Vallobra, Pierre"]
[Result "1/2-1/2"]
[WhiteElo "1650"]
[BlackElo "1360"]
[PlyCount "104"]
[EventDate "2005.04.??"]

1. c4 e5 2. Nc3 Nf6 3. g3 Bb4 4. Bg2 O-O 5. Qc2 Ng4 6. Nd5 Bc5 7. e3 c6 8. b4
cxd5 9. bxc5 d4 10. h3 Nf6 11. Ne2 dxe3 12. fxe3 Qa5 13. Qd3 Qxc5 14. Ba3 Qc7
15. Bxf8 Kxf8 16. Rb1 Na6 17. O-O Nc5 18. Qc2 e4 19. Qc3 Qc6 20. Nf4 Kg8 21. d4
Na4 22. Qc2 Qa6 23. Rbc1 Nb6 24. d5 d6 25. Ne2 Qa3 26. Qb3 Qc5 27. Nd4 Nh5 28.
Kh2 Bd7 29. Bxe4 Re8 30. Bd3 Rxe3 31. Bxh7+ Kxh7 32. Qxe3 Qc8 33. Qe4+ Kg8 34.
Nf5 Qc5 35. Qd4 Qa3 36. Qc3 Qxa2+ 37. Rc2 Qa4 38. Ra1 Qxc2+ 39. Qxc2 Bxf5 40.
Qb2 Nf6 41. Rxa7 Nxc4 42. Qxb7 Ne5 43. Qb8+ Kh7 44. Qxd6 Nf3+ 45. Kg2 Be4 46.
Kf2 Bxd5 47. Ra4 Ng5 48. Rh4+ Kg6 49. Ke3 Bg2 50. Rg4 Bxh3 51. Rxg5+ Kxg5 52.
Qf4+ Kg6 1/2-1/2

[Event "Saint Quentin 2005"]
[Site "Elancourt"]
[Date "2005.04.30"]
[Round "9.21"]
[White "Scozzesi, Francois"]
[Black "Gaillet, Philippe"]
[Result "1/2-1/2"]
[WhiteElo "2010"]
[BlackElo "1310"]
[PlyCount "56"]
[EventDate "2005.04.??"]

1. e4 c6 2. Nf3 d5 3. exd5 cxd5 4. Ne5 Nc6 5. d4 Nxe5 6. dxe5 e6 7. Bd3 Ne7 8.
Nc3 Nc6 9. Qe2 d4 10. Nb1 Qa5+ 11. c3 Qxe5 12. Qxe5 Nxe5 13. Bb5+ Bd7 14. Bxd7+
Kxd7 15. O-O d3 16. Rd1 Rd8 17. f4 Bc5+ 18. Kf1 Ng4 19. Rxd3+ Ke7 20. Rxd8 Rxd8
21. Na3 Bxa3 22. bxa3 Nxh2+ 23. Ke2 f5 24. Be3 b6 25. Rh1 Ng4 26. Bd4 Nf6 27.
Bxf6+ Kxf6 28. Rxh7 Rc8 1/2-1/2

[Event "Saint Quentin 2005"]
[Site "Elancourt"]
[Date "2005.04.30"]
[Round "9.22"]
[White "Gahagnon, Jacques"]
[Black "Benhamouda, Mathieu"]
[Result "1-0"]
[WhiteElo "1720"]
[BlackElo "1450"]
[PlyCount "61"]
[EventDate "2005.04.??"]

1. d4 d5 2. Nf3 Nf6 3. c3 Bf5 4. e3 Nbd7 5. Qb3 Nb6 6. Ne5 e6 7. Nd2 Rb8 8. Be2
Bd6 9. f4 Bxe5 10. fxe5 Ne4 11. Nf3 g5 12. Nd2 Nxd2 13. Bxd2 Be4 14. O-O-O Bxg2
15. Rhg1 Be4 16. Bh5 Bg6 17. Qb5+ Qd7 18. Qe2 Qa4 19. Bxg6 hxg6 20. Kb1 Nc4 21.
Bc1 Qb5 22. Ka1 Na3 23. Qxb5+ Nxb5 24. a4 Nxc3 25. bxc3 Rxh2 26. Rh1 Rxh1 27.
Rxh1 Ke7 28. Rh7 Rf8 29. Ba3+ Ke8 30. Bxf8 Kxf8 31. Kb2 1-0

[Event "Saint Quentin 2005"]
[Site "Elancourt"]
[Date "2005.04.30"]
[Round "9.23"]
[White "Levier, Jean-Francois"]
[Black "Duval, Dominique"]
[Result "1-0"]
[WhiteElo "1700"]
[BlackElo "1630"]
[PlyCount "59"]
[EventDate "2005.04.??"]

1. d4 f5 2. Nf3 Nf6 3. c3 g6 4. Bg5 Bg7 5. Nbd2 d6 6. e3 b6 7. b4 Bb7 8. b5 c5
9. Rc1 Nbd7 10. Be2 Rc8 11. O-O O-O 12. Bc4+ Kh8 13. Be6 Ne4 14. Nxe4 Bxe4 15.
c4 Bxf3 16. gxf3 cxd4 17. exd4 Rc7 18. Re1 Nf6 19. h4 h6 20. Bxf6 Bxf6 21. h5
gxh5 22. f4 Rg8+ 23. Kh2 Rg4 24. Rg1 Rh4+ 25. Kg2 Rxf4 26. Qxh5 Bg5 27. Kf1 Rh4
28. Qg6 Qf8 29. Rc3 Qf6 30. Qg8# 1-0

[Event "Saint Quentin 2005"]
[Site "Elancourt"]
[Date "2005.04.30"]
[Round "9.24"]
[White "Guillet, Jacques"]
[Black "Marquet, Didier"]
[Result "0-1"]
[WhiteElo "1230"]
[BlackElo "1550"]
[PlyCount "62"]
[EventDate "2005.04.??"]

1. e4 c5 2. Nc3 e6 3. f4 Nc6 4. Nf3 d6 5. Bc4 Nf6 6. d3 Be7 7. O-O a6 8. a4 Bd7
9. Bb3 Nd4 10. Ba2 O-O 11. Be3 Nxf3+ 12. Qxf3 Bc6 13. Rad1 b5 14. d4 c4 15. d5
exd5 16. exd5 Bd7 17. g4 Bxg4 18. Qg2 Bxd1 19. Rxd1 Qd7 20. Kh1 Qf5 21. Rg1 b4
22. Ne2 Qe4 23. f5 Qxg2+ 24. Rxg2 Rfc8 25. c3 a5 26. Bb1 bxc3 27. Bh6 Bf8 28.
Nxc3 Re8 29. Bd2 Rab8 30. Nb5 Nxd5 31. Be4 Rxe4 0-1

[Event "Saint Quentin 2005"]
[Site "Elancourt"]
[Date "2005.04.30"]
[Round "9.25"]
[White "Durez, Gerard"]
[Black "Mazaltob, Gerald"]
[Result "1/2-1/2"]
[WhiteElo "1530"]
[BlackElo "1570"]
[PlyCount "81"]
[EventDate "2005.04.??"]

1. c4 Nf6 2. d4 c6 3. Nc3 d5 4. e3 e6 5. c5 b6 6. b4 a5 7. b5 Be7 8. bxc6 Nxc6
9. cxb6 Qxb6 10. Rb1 Qd8 11. Bb5 Bd7 12. Nf3 O-O 13. Bxc6 Bxc6 14. Ne5 Qc7 15.
Bd2 Bd6 16. f4 Bxe5 17. fxe5 Ne4 18. Nxe4 dxe4 19. O-O Qd7 20. Qg4 Qd5 21. Ra1
Bb5 22. Rfc1 Bd3 23. Rc5 Qb7 24. Qd1 a4 25. a3 Qb3 26. Qc1 Rab8 27. Bb4 Rfe8
28. Qe1 h6 29. Rac1 Qa2 30. Qg3 Qe2 31. Qf4 Qh5 32. g4 Qh3 33. Rc7 Qf3 34. Qxf3
exf3 35. Kf2 Be4 36. R1c5 Ra8 37. Rd7 Rec8 38. Rcc7 Rxc7 39. Rxc7 g5 40. Rc1
Kg7 41. h3 1/2-1/2

[Event "Saint Quentin 2005"]
[Site "Elancourt"]
[Date "2005.04.30"]
[Round "9.26"]
[White "Sineux, Sandra"]
[Black "Salaun, Alexandre"]
[Result "1-0"]
[WhiteElo "1510"]
[BlackElo "1210"]
[PlyCount "53"]
[EventDate "2005.04.??"]

1. e4 e5 2. Nc3 Bb4 3. Qg4 Nf6 4. Qg3 Bxc3 5. Qxc3 d6 6. d3 O-O 7. Bg5 Qe7 8.
Ne2 c5 9. f4 Nbd7 10. f5 h6 11. Bh4 d5 12. O-O-O Qd6 13. h3 dxe4 14. dxe4 Qc6
15. Bxf6 Qxf6 16. h4 b5 17. Ng3 Qe7 18. Bxb5 Nb6 19. Nh5 Rb8 20. f6 Qb7 21.
fxg7 Re8 22. Nf6+ Kxg7 23. Nxe8+ Kf8 24. Qxc5+ Kg8 25. Qxe5 Kf8 26. Qd6+ Qe7
27. Qxh6+ 1-0

[Event "Saint Quentin 2005"]
[Site "Elancourt"]
[Date "2005.04.30"]
[Round "9.27"]
[White "Benchara, Imane"]
[Black "Poudroux, Joel"]
[Result "1-0"]
[WhiteElo "1320"]
[BlackElo "1199"]
[PlyCount "77"]
[EventDate "2005.04.??"]

1. d4 d5 2. c4 c6 3. Nf3 Nf6 4. Bd2 Bf5 5. Nc3 Nbd7 6. e3 e6 7. Be2 Bd6 8. O-O
O-O 9. Ng5 Qe7 10. Bh5 g6 11. Bf3 Bc7 12. e4 Qd6 13. e5 Nxe5 14. dxe5 Qxe5 15.
g3 h6 16. Bf4 Bc2 17. Qxc2 Qd4 18. Nh3 e5 19. Be3 Qxc4 20. a3 d4 21. Be2 Qe6
22. Bxh6 Rfe8 23. Na4 Qxh3 24. Qd2 Ng4 25. Bxg4 Qxg4 26. f3 Qe6 27. Qg5 d3 28.
Nc5 Bb6 29. b4 a5 30. Rfd1 axb4 31. axb4 Rxa1 32. Rxa1 Qc4 33. Qf6 Qd4+ 34. Kg2
Qb2+ 35. Kh3 e4 36. Qxb2 f6 37. Qxf6 Re7 38. Qxe7 Bd8 39. Qg7# 1-0

[Event "Saint Quentin 2005"]
[Site "Elancourt"]
[Date "2005.04.30"]
[Round "9.28"]
[White "Dubos, Jean-Luc"]
[Black "Benchara, Sara"]
[Result "1-0"]
[WhiteElo "1430"]
[BlackElo "1150"]
[PlyCount "67"]
[EventDate "2005.04.??"]

1. e4 e5 2. Nf3 Nc6 3. Bb5 Nf6 4. O-O Be7 5. Re1 O-O 6. c3 d6 7. d4 Bd7 8. Nbd2
a6 9. Ba4 b5 10. Bc2 Bg4 11. h3 Be6 12. Nf1 Bc4 13. Ne3 Be6 14. d5 Bd7 15. dxc6
Bxc6 16. Nf5 d5 17. Nxe7+ Qxe7 18. exd5 Bxd5 19. Bg5 Rad8 20. Rxe5 Qd6 21. Qe2
h6 22. Bh4 c6 23. Rd1 g6 24. Bb3 Kg7 25. Bxd5 Qc5 26. Bxf6+ Kxf6 27. Bb3 Qb6
28. Rxd8 Rxd8 29. Qe4 Kg7 30. Re7 Qb8 31. Nh4 Kf8 32. Rxf7+ Kg8 33. Qxg6+ Kh8
34. Qg7# 1-0